Spell the Marvel Character #414 - Statistics

General Stats
  • This quiz has been taken 9 times
  • The average score is 7 of 9
Answer Stats
Picture Answer % Correct
Captain America
100%
Elektra
100%
Thor (Jane Foster)
100%
Spider-Man 2099
89%
Crescent
78%
Namora
78%
Red Dagger
78%
Colleen Wing
56%
Enigma
44%
No matching quizzes found
Score Distribution
Percent of People with Each Score
Percentile by Number Answered
Your Score History
You have not taken this quiz